000 00469nam a2200169 4500
001 113066
003 ES-MaACL
005 20250930063113.0
007 t|
008 061121s1963 sp r ||||1| spa d
100 1 _aNúñez Alonso, Alejandro,
_d1905-1982
_986172
245 1 0 _aKonco /
_cAlejandro Núñez Alonso.
260 _aMadrid :
_bBullón,
_c1963.
300 _a561 p. ;
_c25 cm.
852 _aES-MaACL
_jC-24035
_bR.52824
999 _c113066
_d113066